<?xml version="1.0" encoding="UTF-8"?>
<record
    xmlns:xsi="http://www.w3.org/2001/XMLSchema-instance"
    xsi:schemaLocation="http://www.loc.gov/MARC21/slim http://www.loc.gov/standards/marcxml/schema/MARC21slim.xsd"
    xmlns="http://www.loc.gov/MARC21/slim">

  <leader>00605aas a2200229   4500</leader>
  <datafield tag="999" ind1=" " ind2=" ">
    <subfield code="c">3893</subfield>
    <subfield code="d">3893</subfield>
  </datafield>
  <controlfield tag="003">BR-BrBNA</controlfield>
  <controlfield tag="005">20230317233931.0</controlfield>
  <controlfield tag="007">ta</controlfield>
  <controlfield tag="008">230119b bl ||||| |||| 00| 0 por d</controlfield>
  <datafield tag="022" ind1=" " ind2=" ">
    <subfield code="a">0102-7166</subfield>
  </datafield>
  <datafield tag="035" ind1=" " ind2=" ">
    <subfield code="a">000485-5</subfield>
  </datafield>
  <datafield tag="040" ind1=" " ind2=" ">
    <subfield code="a">BR-BrBNA</subfield>
    <subfield code="b">Por</subfield>
    <subfield code="c">BR-BrBNA</subfield>
  </datafield>
  <datafield tag="042" ind1=" " ind2=" ">
    <subfield code="a">084415-2 </subfield>
  </datafield>
  <datafield tag="044" ind1=" " ind2=" ">
    <subfield code="a">bl</subfield>
  </datafield>
  <datafield tag="245" ind1=" " ind2=" ">
    <subfield code="a">Toda Fruta (Brazil)</subfield>
  </datafield>
  <datafield tag="260" ind1=" " ind2=" ">
    <subfield code="a">S&#xE3;o Paulo-SP</subfield>
    <subfield code="b">DGN Editora Ltda.</subfield>
    <subfield code="c">1986</subfield>
    <subfield code="e">BSP</subfield>
  </datafield>
  <datafield tag="270" ind1=" " ind2=" ">
    <subfield code="a">Rua Pedro Jos&#xE9; Lorenzini, 170 - Centro</subfield>
  </datafield>
  <datafield tag="310" ind1=" " ind2=" ">
    <subfield code="a">mensal</subfield>
  </datafield>
  <datafield tag="505" ind1=" " ind2=" ">
    <subfield code="a">1986-88 1-3(1-30); 1989 4(31-40,41doc.ext); 1990 5(42-50); </subfield>
  </datafield>
  <datafield tag="909" ind1=" " ind2=" ">
    <subfield code="a">56</subfield>
    <subfield code="b">Sergio Santos</subfield>
    <subfield code="c">56</subfield>
    <subfield code="d">Sergio Santos</subfield>
  </datafield>
  <datafield tag="942" ind1=" " ind2=" ">
    <subfield code="c">CR</subfield>
    <subfield code="2">AGRIS</subfield>
  </datafield>
  <datafield tag="952" ind1=" " ind2=" ">
    <subfield code="0">0</subfield>
    <subfield code="2">AGRIS</subfield>
    <subfield code="4">0</subfield>
    <subfield code="7">1</subfield>
    <subfield code="8">PERI&#xD3;DICOS</subfield>
    <subfield code="a">41918</subfield>
    <subfield code="b">41918</subfield>
    <subfield code="h">1986-88 1-3(1-30)</subfield>
    <subfield code="l">0</subfield>
    <subfield code="p">2023-33181</subfield>
    <subfield code="r">2023-03-01</subfield>
    <subfield code="y">CR</subfield>
    <subfield code="1">0</subfield>
  </datafield>
  <datafield tag="952" ind1=" " ind2=" ">
    <subfield code="0">0</subfield>
    <subfield code="2">AGRIS</subfield>
    <subfield code="4">0</subfield>
    <subfield code="7">1</subfield>
    <subfield code="8">PERI&#xD3;DICOS</subfield>
    <subfield code="a">41918</subfield>
    <subfield code="b">41918</subfield>
    <subfield code="h">1989 4(31-40,41doc.ext)</subfield>
    <subfield code="l">0</subfield>
    <subfield code="p">2023-33182</subfield>
    <subfield code="r">2023-03-01</subfield>
    <subfield code="y">CR</subfield>
    <subfield code="1">0</subfield>
  </datafield>
  <datafield tag="952" ind1=" " ind2=" ">
    <subfield code="0">0</subfield>
    <subfield code="2">AGRIS</subfield>
    <subfield code="4">0</subfield>
    <subfield code="7">1</subfield>
    <subfield code="8">PERI&#xD3;DICOS</subfield>
    <subfield code="a">41918</subfield>
    <subfield code="b">41918</subfield>
    <subfield code="h">1990 5(42-50)</subfield>
    <subfield code="l">0</subfield>
    <subfield code="p">2023-33183</subfield>
    <subfield code="r">2023-03-01</subfield>
    <subfield code="y">CR</subfield>
    <subfield code="1">0</subfield>
  </datafield>
</record>
